000 00335nam a22001457a 4500
008 230419b ||||| |||| 00| 0 eng d
020 _a9781881052241
041 _aeng
080 _a330
082 _a330KIS
100 _a23
101 _aMENAGJ
245 _aPUTTING TOTAL QUALITY MANAGEMENT TO WORK
_cKISER.J.K
942 _2udc
_cBK
999 _c59593
_d59593